000 00662nam a22002537a 4500
001 BR9802320
003 BR-BrBNA
005 20230928095921.0
007 ta
008 230509b bl.||||| |||| 00| 0 por d
040 _aBR-BrBNA
_bpor
_cBiblioteca Nacional de Agricultura
041 _a(Por)
072 _aB50
_b2120
090 _ 2120 BR9802320
100 1 _aNeves, C.
110 1 _aInstituto Brasileiro do Cafe, Rio de Janeiro, RJ (Brasil)
_95880
245 1 _aA estoria do cafe
260 3 _aRio de Janeiro, RJ (Brasil):
_c1966.
300 _a87 p.
650 _aCafe
650 _aHistoria
909 _a202309
_bLucia
_c55
_dLucia Elande
942 _cBK
999 _c59392
_d59392